000
00260nam a2200121Ia 4500
005
20251222152718.0
008
251222s9999||||xx |||||||||||||| ||spa||
082
_a
398.8/E34
100
_a
Eibamaz
245
0
_a
Shipibo Bewa
250
_a
1ra.ed.
942
_c
LIB
999
_c
29465
_d
29465